LEADER 02092nam 2200457Ia 450 001 996395529903316 005 20210104171235.0 035 $a(CKB)3810000000015838 035 $a(EEBO)2240881142 035 $a(OCoLC)ocn318209567e 035 $a(OCoLC)318209567 035 $a(EXLCZ)993810000000015838 100 $a20090410d1693 uy 0 101 0 $aeng 135 $aurbn||||a|bb| 200 10$aBy His Excellency Benjamin Fletcher, captain general and governour in chief of the province of New-York, province of Pennsilvania, country of New-Castle ..$b[electronic resource] $ea proclamation, whereas our soveraign Lord and Lady William and Mary ... : In their majesties name I do hereby strictly prohibit the breaking of the Lord's Day, all prophane swearing, cursing, drunkenness, idleness and unlawful gaming, and all manner of prophaneness whatsoever ... Given under my hand at Philadelphia the 29th day of April, 1693 in the fifth year of their Majesties reign 210 $a[Philadelphia $cPrinted by William Bradford$d1693] 215 $a1 sheet ([1] p.) 300 $aSigned: Ben. Fletcher. 300 $aImprint suggested by Wing. 300 $aReproduction of original in: Library of Congress. 330 $aeebo-0078 606 $aVice control$zPennsylvania 606 $aVice control$zNew York (State) 606 $aSwearing$vEarly works to 1800 606 $aSabbath$vEarly works to 1800 607 $aNew York (State)$xMoral conditions$vEarly works to 1800 607 $aPennsylvania$xMoral conditions$vEarly works to 1800 608 $aBroadsides$zPennsylvania$y17th century.$2rbgenr 615 0$aVice control 615 0$aVice control 615 0$aSwearing 615 0$aSabbath 701 $aFletcher$b Benjamin$f1640-1703.$01001057 801 0$bUMI 801 1$bUMI 801 2$bUMI 906 $aBOOK 912 $a996395529903316 996 $aBy His Excellency Benjamin Fletcher, captain general and governour in chief of the province of New-York, province of Pennsilvania, country of New-Castle .$92342634 997 $aUNISA LEADER 03846nam 22007931 450 001 9910962326903321 005 20200514202323.0 010 $a9786611082611 010 $a9781472563880 010 $a1472563883 010 $a9781281082619 010 $a1281082619 010 $a9781847313515 010 $a1847313515 024 7 $a10.5040/9781472563880 035 $a(CKB)1000000000410560 035 $a(EBL)317920 035 $a(OCoLC)476111474 035 $a(SSID)ssj0000150235 035 $a(PQKBManifestationID)12038048 035 $a(PQKBTitleCode)TC0000150235 035 $a(PQKBWorkID)10279700 035 $a(PQKB)10181935 035 $a(MiAaPQ)EBC1772407 035 $a(MiAaPQ)EBC317920 035 $a(Au-PeEL)EBL1772407 035 $a(CaPaEBR)ebr10276024 035 $a(CaONFJC)MIL108261 035 $a(OCoLC)191737388 035 $a(UtOrBLW)bpp09256286 035 $a(Au-PeEL)EBL317920 035 $a(UtOrBLW)BP9781472563880BC 035 $a(Perlego)810055 035 $a(EXLCZ)991000000000410560 100 $a20140929d2007 uy 0 101 0 $aeng 135 $aur|n|---||||| 181 $ctxt 182 $cc 183 $acr 200 10$aEU food law $eprotecting consumers and health in a common market /$fCaoimhin MacMaolain 205 $a1st ed. 210 1$aOxford ;$aPortland, Oregon :$cHart Publishing,$d2007. 215 $a1 online resource (320 p.) 225 1 $aModern studies in European law ;$vno. 13 300 $aIncludes index. 311 08$a9781841134987 311 08$a1841134988 320 $aIncludes bibilographical references and index. 327 $aRegulating the food industry -- Free movement of food in the EU -- Harmonising food standards in the EU : labelling, naming and quality preservation -- International influences on EU food law -- Food safety in the EU -- Nutrition law and policy in the EU -- Contemporary considerations for EU food law. 330 8 $aThis is the first comprehensive analysis of the European Union law of food regulation. It details the way in which EU law impacts upon the production and sale of food throughout the Union. It examines the legal protection accorded to the free movement of food within the EU, discussing those circumstances in which Member States may derogate from this principle, in particular where this is done to protect human health or safeguard consumer interests. Chapter four discusses and places in context the international trade law influences on EU food law. Chapter five describes EU responses to recent food safety crises - avian influenza and BSE. The book also deals with issues such as nutrition law and policy, obesity, GMOs, organic food, animal welfare and food naming and labelling. This book offers an account of the historical, political, sociological and jurisprudential context of European Union food law. The author, who is an academic and consultant in this area, translates the legal and scientific complexities of food law into a lucid and compelling narrative. The resulting work will also prove an indispensable guide to the practitioner 410 0$aModern studies in European law ;$vno. 13. 517 3 $aEuropean Union food law 606 $aFood law and legislation$zEuropean Union countries 606 $aLaw$xInternational unification 606 $aProduce trade$xLaw and legislation$zEuropean Union countries 606 $2Laws of Specific jurisdictions 615 0$aFood law and legislation 615 0$aLaw$xInternational unification. 615 0$aProduce trade$xLaw and legislation 676 $a344.404232 700 $aMacMaola?in$b Caoimhi?n$01868979 801 0$bUtOrBLW 801 1$bUtOrBLW 801 2$bUkLoBP 906 $aBOOK 912 $a9910962326903321 996 $aEU food law$94477115 997 $aUNINA